| 000 | 01568nam1a2200325 i 4500 | ||
|---|---|---|---|
| 001 | RU\NLR\bibl\1909603 | ||
| 005 | 20260407074319.0 | ||
| 035 | _a(NLR Aleph) 001899154 | ||
| 090 |
_a3024794 _c3024794 |
||
| 100 | _a20120531d20109999k y0rusy50 ca | ||
| 101 | 0 | _arus | |
| 102 | _aRU | ||
| 105 | _a||||z ||||| | ||
| 200 | 1 |
_aОценка эффективности освоения территории _e[сборник статей] _fМ-во образования и науки РФ, ГОУ ВПО "Якут. гос. ун-т им. М.К. Аммосова" _gпод ред. М.Ю. Присяжного |
|
| 210 |
_aЯкутск _cИзд-во Якутского университета _d2010 |
||
| 215 | _d26 | ||
| 225 | 1 | _aСерия "Географическое изучение территории Якутии" | |
| 463 | 0 | _10011787128 | |
| 606 | 1 |
_aКачество жизни _yСаха (Якутия), Республика _92105307 _3RU\NLR\auth\661576476 |
|
| 607 |
_aСаха (Якутия), Республика _xЭкономическая география _92625960 _3RU\NLR\auth\661562520 |
||
| 686 | _aУ9(2)-94(2Р-6Я) | ||
| 686 | _aУ04(2Р-6Я) | ||
| 702 | 1 |
_aПрисяжный _bМ. Ю. _gМихаил Юрьевич _4340 |
|
| 712 | 0 | 2 |
_4570 _aЯкутский государственный университет им. М. К. Аммосова _9277944 _3RU\NLR\AUTH\883353 |
| 801 | 0 |
_aRU _bNLR _c20120531 _gRCR |
|
| 801 | 1 |
_aRU _bNLR _c20120531 |
|
| 830 | _aред. по эк | ||
| 852 |
_aNLR _j2011-7/3510 |
||
| 942 | _cBOOK | ||